00990nam a2200265 i 4500003000900000005001700009007000300026008004100029020001500070040003000085082000700115100003600122245011400158264003800272300002800310336002700338337003300365338002800398590002600426700004400452910001500496942001400511952018200525999001700707DO-SdBNP20230614093741.0ta230601b2002 sp ||||| |||| 00| 0 spa d a8484323153 aDO-SdBNPbspacBNPHUerda 4222 aWarburton, Nigel,eautor98349213aLa caverna de Platón y otras delicias de la filosofía /cNigel Warburton ; traducción, Antonio Desmonts 4aBarcelona :bAres y Mares,c2002. a252 páginas ;c23 cm. 2rdacontentatextobtxt 2rdamediaasin mediaciónbn 2rdacarrieravolumenbnc aInventariado, 2023/BT1 aDesmonts, Antonio,etraducción969986 aBtavárez 2ddccLBS1 00102ddc51708GRaBNPHUbBNPHUcCTd2023-06-01eDonaciónl0p2023-2167r2023-06-01w2023-06-01yLBS1zPerteneció a la biblioteca personal de Mariano Lebrón Saviñón. c53688d53688